[Event "AUTO-ADV-1252"]
[Site "http://www.queenalice.com/game.php?id=617770"]
[Date "2009.7.12"]
[Round "2"]
[White "nonpop"]
[Black "chunyi2012"]
[Result "0-1"]
[WhiteElo "1627"]
[BlackElo "1967"]

1. e4 e5 2. Nf3 d6 3. Bc4 h6 4. Nc3 c6 5. d3 Qf6 6. h3 Ne7 7. O-O Ng6 8. Ne2 a5
9. Ng3 b5 10. Nh5 Qe7 11. Bb3 a4 12. Bxa4 bxa4 13. a3 c5 14. c4 Nc6 15. Bd2 Qe6
16. b3 axb3 17. Qxb3 Rb8 18. Qa4 Bd7 19. Rab1 Rc8 20. Qb3 Nd4 21. Nxd4 exd4 22.
Nf4 Nxf4 23. Bxf4 Be7 24. Qb7 O-O 25. Qd5 Qg6 26. Rb6 Bxh3 0-1

[Event "AUTO-ADV-1252"]
[Site "http://www.queenalice.com/game.php?id=617771"]
[Date "2009.7.12"]
[Round "2"]
[White "chunyi2012"]
[Black "nonpop"]
[Result "1-0"]
[WhiteElo "1963"]
[BlackElo "1625"]

1. e4 c5 2. Nf3 Nc6 3. d4 cxd4 4. Nxd4 g6 5. Nxc6 bxc6 6. Bd2 Bg7 7. Bc3 Bxc3+
8. Nxc3 Nf6 9. Bd3 d6 10. h3 a5 11. O-O Qb6 12. Rb1 Ba6 13. a3 O-O 14. Qe2 c5
15. Nd5 Qa7 16. Bxa6 Qxa6 17. Nxe7+ Kg7 18. Qxa6 Rxa6 19. Rfe1 Re8 20. Nd5 Nxd5
21. exd5 Rxe1+ 22. Rxe1 a4 23. c4 Rb6 24. Re2 f5 25. f4 h5 26. g3 Rb3 27. Kg2
Kf6 28. h4 Kf7 29. Kh3 Kf6 30. Re6+ Kf7 31. Rxd6 Rxb2 32. Ra6 1-0

[Event "AUTO-BEG-285"]
[Site "http://www.queenalice.com/game.php?id=624430"]
[Date "2009.7.25"]
[Round "2"]
[White "nonpop"]
[Black "dwrogers"]
[Result "1-0"]
[WhiteElo "1623"]
[BlackElo "1643"]

1. e4 e5 2. Nf3 Bc5 3. d4 exd4 4. Nxd4 Bxd4 5. Qxd4 Nc6 6. Qe3 Nh6 7. Be2 O-O 8.
Nc3 a6 9. O-O Ne5 10. b3 Nhg4 11. Bxg4 Nxg4 12. Qg3 d5 13. exd5 Qf6 14. Bb2 b5
15. h3 Nh6 16. Rab1 Nf5 17. Qxc7 Rd8 18. Rfe1 Bd7 19. Nxb5 Qg6 20. Nd4 Nh4 21.
Qg3 Qxg3 22. fxg3 Ng6 23. g4 h6 24. Rbd1 Nf4 25. d6 a5 26. a4 Rac8 27. c4 Re8
28. Rf1 Ne2+ 29. Nxe2 Rxe2 30. Rf4 Rxb2 31. Rd3 Rb8 32. Rdf3 f6 33. c5 R8xb3 34.
Rxb3 Rxb3 35. Rc4 Rb4 36. Rc3 Bxa4 37. c6 1-0

[Event "AUTO-BEG-285"]
[Site "http://www.queenalice.com/game.php?id=624431"]
[Date "2009.7.25"]
[Round "2"]
[White "dwrogers"]
[Black "nonpop"]
[Result "0-1"]
[WhiteElo "1630"]
[BlackElo "1635"]

1. e4 c5 2. Bc4 e6 3. Nf3 Nc6 4. c3 Nf6 5. d3 d6 6. O-O Be7 7. Bb5 Bd7 8. h3 a6
9. Bxc6 Bxc6 10. c4 O-O 11. Be3 e5 12. Bg5 b5 13. Bxf6 Bxf6 14. Nc3 b4 15. Ne2
Qd7 16. a3 bxa3 17. bxa3 Ba4 18. Qd2 Rfb8 19. Nc3 Rb3 20. Nd5 Qb7 21. Nxf6+ gxf6
22. Qa5 Qc6 23. Nd2 Rxd3 24. Nf3 Bb3 25. Ne1 Rd4 26. Qc3 Bxc4 27. Nd3 Bxd3 28.
Rfd1 Qxe4 29. Rd2 Kh8 30. Rad1 Rg8 31. g3 Be2 32. Re1 Rb8 33. Qa1 Rxd2 34. Qc3
Rbb2 35. Qa5 Qf3 36. Qd8+ Kg7 37. Qa5 Bd3 38. Re3 Qxf2+ 0-1

[Event "AUTO-OPEN-1512"]
[Site "http://www.queenalice.com/game.php?id=629318"]
[Date "2009.8.2"]
[Round "2"]
[White "nonpop"]
[Black "majersesc"]
[Result "0-1"]
[WhiteElo "1633"]
[BlackElo "2207"]

1. e4 c5 2. f4 e5 3. d3 Nc6 4. Nf3 d6 5. b3 Nf6 6. Bb2 exf4 7. Nbd2 Ng4 8. g3
Ne3 9. Qc1 Nb4 10. Kf2 Nbxc2 11. Rb1 Ng4+ 12. Kg1 Nb4 13. a4 fxg3 14. hxg3 Be6
15. Nc4 a6 16. Bc3 Na2 17. Qb2 Nxc3 18. Qxc3 b5 19. Ncd2 f6 20. d4 Qb6 21. d5
Bd7 22. Bh3 Qc7 23. Bxg4 Bxg4 24. Ra1 b4 25. Qc4 Bd7 26. Kf2 g6 27. Rh2 Bg7 28.
Rah1 h6 29. Nf1 Kf7 30. Ne3 Rae8 31. Nd2 Qc8 32. a5 Bb5 33. Qc2 Qd8 34. Nec4
Rhf8 35. Nf3 Bxc4 36. Qxc4 Qxa5 37. g4 Qb5 38. Nd2 Kg8 39. Kg2 Qd7 40. Kg3 a5
41. Ra1 f5 42. Rxa5 Be5+ 43. Kg2 Bxh2 44. Kxh2 Qd8 45. Kh3 Qxa5 0-1

[Event "AUTO-OPEN-1512"]
[Site "http://www.queenalice.com/game.php?id=629319"]
[Date "2009.8.2"]
[Round "2"]
[White "majersesc"]
[Black "nonpop"]
[Result "1-0"]
[WhiteElo "2196"]
[BlackElo "1638"]

1. c4 c5 2. Nf3 Nf6 3. e3 b6 4. Nc3 Nc6 5. d4 e6 6. d5 Nb4 7. a3 Na6 8. e4 exd5
9. cxd5 d6 10. Bxa6 Bxa6 11. Qa4+ 1-0

[Event "AUTO-OPEN-1512"]
[Site "http://www.queenalice.com/game.php?id=629320"]
[Date "2009.8.2"]
[Round "2"]
[White "nonpop"]
[Black "astrologo"]
[Result "0-1"]
[WhiteElo "1617"]
[BlackElo "2044"]

1. e4 Nf6 2. Nc3 e5 3. Bc4 Nc6 4. Nf3 Bc5 5. O-O O-O 6. d3 d6 7. Bg5 h6 8. Bxf6
Qxf6 9. h3 Na5 10. Nd5 Qd8 11. b4 Nxc4 12. dxc4 Bb6 13. a4 a5 14. Nxb6 cxb6 15.
b5 Be6 16. Qd3 Rc8 17. Nd2 Rc5 18. Ra3 Qg5 19. Rd1 Rd8 20. f3 Bxh3 21. g4 h5 22.
Kf2 hxg4 23. Rg1 Qh4+ 24. Ke2 g3 25. Qe3 Be6 26. Rc3 Qh2+ 27. Ke1 Qf2+ 28. Qxf2
gxf2+ 29. Kxf2 Rdc8 30. Ke3 Bxc4 31. Nb1 Be6 32. Kd3 Rc4 33. Rf1 Rxc3+ 0-1

[Event "AUTO-OPEN-1512"]
[Site "http://www.queenalice.com/game.php?id=629321"]
[Date "2009.8.2"]
[Round "2"]
[White "astrologo"]
[Black "nonpop"]
[Result "1-0"]
[WhiteElo "2030"]
[BlackElo "1615"]

1. e4 c5 2. Nf3 Nc6 3. d4 cxd4 4. Nxd4 e5 5. Nb5 d6 6. N1c3 a6 7. Na3 b5 8. Nd5
Nge7 9. c4 Nd4 10. cxb5 Nxd5 11. exd5 Bd7 12. Be3 Bxb5 13. Nxb5 axb5 14. Bxd4
exd4 15. Qxd4 Qb8 16. Qb4 Qb7 17. Qxb5+ Qxb5 18. Bxb5+ Kd8 19. Kd2 Be7 20. a4
Rc8 21. Rac1 Rxc1 22. Rxc1 h5 23. a5 Bg5+ 24. Kd1 Bxc1 25. Kxc1 Kc7 26. Bc6 Rb8
27. Kc2 Rb4 28. Kc3 Rf4 29. f3 Kb8 30. b4 h4 31. Bd7 f5 32. h3 g5 33. b5 Ka7 34.
b6+ Ka6 35. Bb5+ Kb7 36. Bc6+ Kb8 37. a6 1-0

[Event "AUTO-INT-1431"]
[Site "http://www.queenalice.com/game.php?id=645055"]
[Date "2009.8.31"]
[Round "1"]
[White "Michihall"]
[Black "nonpop"]
[Result "0-1"]
[WhiteElo "1764"]
[BlackElo "1631"]

1. d4 Nf6 2. c4 e6 3. Nc3 Bb4 4. Qc2 Nc6 5. Nf3 d5 6. Bg5 dxc4 7. e4 h6 8. Bh4
O-O 9. Bxc4 Nxd4 10. Nxd4 Qxd4 11. Bxf6 Qxf6 12. O-O Bxc3 13. Qxc3 Qxc3 14. bxc3
a5 15. a4 b6 16. Rfd1 Bb7 17. f3 Rad8 18. Kf2 c5 19. Ke2 Bc6 20. e5 Rd7 21. Ba6
Rfd8 22. Rxd7 Rxd7 23. Ke3 g5 24. Rb1 Bxa4 25. Rxb6 Rd1 26. Bb5 Bxb5 27. Rxb5 a4
28. Ke2 Ra1 29. Kd2 Kf8 30. Kc2 Ke7 31. Ra5 a3 32. Rxc5 Ra2+ 33. Kb3 Rxg2 34.
Kxa3 Rxh2 35. Rc7+ Kf8 36. Rc8+ Kg7 37. Rd8 Rf2 38. Rd3 h5 39. c4 h4 40. Kb3 h3
41. f4 h2 42. Rh3 g4 43. Rh4 Rg2 44. c5 Rg3+ 45. Kc4 Kg6 46. c6 Rh3 47. Rxg4+
Kh5 48. Rg5+ Kh4 49. Rg8 h1=Q 50. Rh8+ Kg3 51. Rxh3+ Kxh3 0-1

[Event "AUTO-INT-1431"]
[Site "http://www.queenalice.com/game.php?id=645056"]
[Date "2009.8.31"]
[Round "1"]
[White "nonpop"]
[Black "Michihall"]
[Result "0-1"]
[WhiteElo "1628"]
[BlackElo "1764"]

1. e4 e5 2. Nf3 Nc6 3. d4 exd4 4. Nxd4 Qf6 5. Be3 Bc5 6. c3 Nge7 7. Bc4 O-O 8.
Nxc6 Bxe3 9. fxe3 Qxc6 10. Qd3 Re8 11. Nd2 d6 12. O-O-O Be6 13. Bxe6 fxe6 14.
Rhf1 Rf8 15. g4 Ng6 16. Nf3 e5 17. Ng5 Rf6 18. h4 Raf8 19. h5 h6 20. Nh3 Nh8 21.
g5 Rxf1 22. Rxf1 Rxf1+ 23. Qxf1 Qxe4 24. Qf2 Qh1+ 25. Qg1 Qxh3 26. gxh6 Qd7 27.
Qg2 c6 28. Kd2 Qf7 29. Qg4 Kh7 0-1

[Event "AUTO-INT-1431"]
[Site "http://www.queenalice.com/game.php?id=645067"]
[Date "2009.8.31"]
[Round "1"]
[White "Dean20"]
[Black "nonpop"]
[Result "0-1"]
[WhiteElo "1515"]
[BlackElo "1663"]

1. e4 c5 2. Nf3 Nc6 3. Nc3 e5 4. Bb5 d6 5. h3 Bd7 6. d3 Nf6 7. O-O Be7 8. Bxc6
Bxc6 9. Bg5 h6 10. Bxf6 Bxf6 11. Re1 O-O 12. Ne2 b5 13. c3 a6 14. Rc1 d5 15. Qc2
Qd7 16. Red1 d4 17. cxd4 cxd4 18. Qxc6 Qxc6 19. Rxc6 Rfc8 0-1

[Event "AUTO-INT-1431"]
[Site "http://www.queenalice.com/game.php?id=645068"]
[Date "2009.8.31"]
[Round "1"]
[White "nonpop"]
[Black "Dean20"]
[Result "1-0"]
[WhiteElo "1652"]
[BlackElo "1526"]

1. e4 e5 2. Nf3 Nc6 3. d4 f6 4. d5 Nb4 5. c3 Na6 6. Bc4 d6 7. O-O Nc5 8. Re1 Bg4
9. h3 Bh5 10. Nbd2 Ne7 11. b4 Nd7 12. a4 g5 13. g4 Bg6 14. Bb5 c6 15. dxc6 bxc6
16. Bxc6 Nxc6 17. b5 Ne7 18. Ba3 Qc7 19. Qe2 1-0

[Event "AUTO-INT-1431"]
[Site "http://www.queenalice.com/game.php?id=645073"]
[Date "2009.8.31"]
[Round "1"]
[White "Lotuz82"]
[Black "nonpop"]
[Result "1-0"]
[WhiteElo "1468"]
[BlackElo "1651"]

1. e4 c5 2. Nf3 Nc6 3. d4 cxd4 4. Nxd4 g6 5. c4 Bg7 6. Be3 d6 7. Nc3 e5 8. Nxc6
bxc6 9. Be2 Ne7 10. Qd2 O-O 11. O-O a5 12. Rfd1 Ba6 13. Qxd6 Qxd6 14. Rxd6 Rab8
15. Rd7 Rfe8 16. Rad1 Bf6 17. Ra7 Bc8 18. Rd6 Bg7 19. Bg5 f6 20. Bc1 h5 21. b3
Bb7 22. Rd7 Nc8 23. Raxb7 Rxb7 24. Rxb7 Rd8 25. Rc7 f5 26. Rxc6 Ne7 27. Rc7 Kf8
28. Bg5 1-0

[Event "AUTO-INT-1431"]
[Site "http://www.queenalice.com/game.php?id=645074"]
[Date "2009.8.31"]
[Round "1"]
[White "nonpop"]
[Black "Lotuz82"]
[Result "1-0"]
[WhiteElo "1640"]
[BlackElo "1445"]

1. e4 e6 2. d4 d5 3. Nc3 Bb4 4. Bd2 Ne7 5. Nf3 O-O 6. Bd3 Nbc6 7. O-O b6 8. Bf4
dxe4 9. Bxe4 Bb7 10. Qd3 Rb8 11. Bxh7+ Kh8 12. Be4 e5 13. dxe5 Qxd3 14. cxd3
Rfd8 15. Rad1 1-0